000 01190nam a2200313 4500
003 EG-GICUC
005 20260121101052.0
008 251027s1986 ua ||||fr|||| 00| 0 ara d
017 _a19855500
020 _a9770107352
040 _a EG-GICUC
_bara
_c EG-GICUC
_d EG-GICUC
_erda
041 0 _aara
082 0 4 _221
_a341.78
_bج م . م
092 0 4 _221
099 _aLaw1 11 341.78 ج م . م 1986
100 0 _aجمال طه ندا
245 1 2 _aالموظف الدولى :
_bدراسة مقارنة فى القانون الدولى الادارى /
_cجمال طه ندا
264 1 _aالقاهرة :
_bالهيئة المصرية العامة للكتاب :
_c1986.
300 _a357؛صفحة
_c24 سم
336 _2rda content
_atext
337 _2rda media
_aComputer
338 _2rda carrier
_aOnline Resource
504 _aيحتوي على ارجاعات ببليوجرافية
546 _aالنص أغلبه باللغة العربية مع بعض النصوص الإنجليزية
650 1 _aالتشريع - - تعاون دولي
856 4 0 _uhttps://fll.law.cu.edu.eg/fulltext/bks/B11-06478.pdf
905 _aRawan khaled
942 _2ddc
_n0
_cBK
_e21
999 _c37888
_d37888